| 000 | 00593nam a22001932 4500 | ||
|---|---|---|---|
| 001 | 0000009529 | ||
| 005 | 20151217152056.0 | ||
| 008 | 081109s xx 000 0 eng d | ||
| 020 |
_a190372550x : _cKES 920 |
||
| 040 |
_aKABU _cKABU |
||
| 100 | 1 |
_aHickson, Rachel. _@0000161152 |
|
| 245 | 1 | 0 |
_aSupernatural communication : _bthe privilege of prayer / _cRachel Hickson. |
| 260 |
_aChichester, U. K. : _bNew Wine Ministries, _c2006. |
||
| 300 | _a254 p. | ||
| 650 | 0 |
_aPrayer _xChristianity. _@0000149197 |
|
| 908 | _a081109 | ||
| 950 | _@1 | ||
| 999 |
_c7952 _d7952 |
||